[Event "Landesliga Sued U20 1819"]
[Site "Bayern"]
[Date "2018.12.08"]
[Round "3.1"]
[White "Maillinger, Michael"]
[Black "Moufang, Luis"]
[Result "1-0"]
[WhiteElo "1636"]
[BlackElo "1794"]
[PlyCount "91"]
[EventDate "2018.11.17"]
[EventType "team-tourn"]
[EventRounds "7"]
[EventCountry "GER"]
[SourceTitle "EXT 2022"]
[Source "ChessBase"]
[SourceDate "2021.10.06"]
[SourceVersion "1"]
[SourceVersionDate "2021.10.06"]
[SourceQuality "1"]
[WhiteTeam "Dorfen PSV U20"]
[BlackTeam "Haar U20"]
[WhiteTeamCountry "GER"]
[BlackTeamCountry "GER"]

1. e4 c5 2. Nc3 d6 3. f4 g6 4. Nf3 Nc6 5. Bb5 Bd7 6. 0-0 Bg7 7. Qe1 e6 8. d3 Nge7 9. e5 d5 10. Bxc6 Bxc6 11. Nd1 0-0 12. Ne3 d4 13. Ng4 Nd5 14. Ng5 h6 15. Ne4 h5 16. Ngf2 Bh6 17. Nh3 Nb4 18. Qe2 Bxe4 19. dxe4 b5 20. Rd1 c4 21. Qd2 Nc6 22. a4 b4 23. Qe2 c3 24. Qc4 Qb6 25. a5 Nxa5 26. Qd3 Rfd8 27. b3 Rd7 28. f5 Bxc1 29. Rdxc1 Nb7 30. fxg6 fxg6 31. Ra6 Nc5 32. Qg3 Nxa6 33. Qxg6+ Rg7 34. Qxh5 d3+ 35. Kh1 d2 36. Rf1 Rf8 37. Rf6 Rxf6 38. exf6 d1Q+ 39. Qxd1 Rg6 40. e5 Qc7 41. Nf4 Rh6 42. Qg4+ Kh7 43. Nxe6 Qb7 44. Qf5+ Kg8 45. Qg5+ Kf7 46. Nd8+ 1-0

[Event "Landesliga U20 Sued 1617"]
[Site "Bayern"]
[Date "2016.12.10"]
[Round "3.4"]
[White "Kerkhoff, Jan"]
[Black "Moufang, Luis"]
[Result "0-1"]
[WhiteElo "1782"]
[BlackElo "1496"]
[PlyCount "84"]
[EventDate "2016.11.12"]
[EventType "team-tourn"]
[EventRounds "7"]
[EventCountry "GER"]
[SourceTitle "EXT 2022"]
[Source "ChessBase"]
[SourceDate "2021.10.06"]
[SourceVersion "1"]
[SourceVersionDate "2021.10.06"]
[SourceQuality "1"]
[WhiteTeam "Unterhaching U20"]
[BlackTeam "Haar U20"]
[WhiteTeamCountry "GER"]
[BlackTeamCountry "GER"]

1. e4 d5 2. exd5 Qxd5 3. Nc3 Qd6 4. Bc4 Nf6 5. d3 c6 6. Nge2 Bg4 7. f3 Bh5 8. Bf4 Qd8 9. Qd2 e6 10. 0-0-0 Be7 11. g4 Bg6 12. h4 h6 13. Ng3 Nd5 14. g5 h5 15. Bxd5 cxd5 16. Nb5 Na6 17. Qc3 Rc8 18. Qxg7 Rh7 19. Qg8+ Bf8 20. Bd6 Kd7 21. Qxf8 Qb6 22. Qe7+ Kc6 23. Bf4 Kxb5 24. a4+ Kxa4 25. Qd7+ Rc6 26. Ne2 f5 27. Nc3+ Ka5 28. Bd2 Rxd7 29. Nxd5+ Kb5 30. c4+ Kc5 31. Be3+ Kd6 32. Nxb6 axb6 33. Kc2 Ke7 34. Bf4 Rc5 35. Kb3 e5 36. Be3 Rc6 37. d4 exd4 38. Bxd4 Rcd6 39. Rde1+ Kf7 40. Bc3 Nc5+ 41. Kc2 f4+ 42. Kc1 Nb3# 0-1